| 000 | 00905nam a22002897a 4500 | ||
|---|---|---|---|
| 003 | EG-ScBUE | ||
| 005 | 20220522111128.0 | ||
| 008 | 140616t2001 enkadk f 000 0 eng d | ||
| 020 | _a9789608136113 | ||
| 020 | _a9608136113 | ||
| 040 |
_aEG-ScBUE _beng _erda _cEG-ScBUE _dEG-ScBUE |
||
| 082 | 0 | 4 |
_222 _a428.24 _bEME |
| 100 | 1 |
_935997 _aEmery, Sue _q(Susan) _eauthor. |
|
| 245 | 1 | 0 |
_aLink : _bintermediate, _pTeacher's book / _cSue Emery. |
| 246 | 3 | 0 | _aTeacher's book |
| 264 | 1 |
_aLondon : _bThomson Heinle, _c[2001] |
|
| 264 | 4 | _cc2001 | |
| 300 |
_a119 pages : _bcharts, forms, tables ; _c29 cm |
||
| 336 |
_2rdacontent _atext _btxt |
||
| 337 |
_2rdamedia _aunmediated _bn |
||
| 338 |
_2rdacarrier _avolume _bnc |
||
| 650 | 7 |
_aEnglish language _vTextbooks for foreign speakers. _2BUEsh |
|
| 651 | _2BUEsh | ||
| 653 |
_cJune2014 _bHHUUEENN |
||
| 655 |
_vReading book _934232 |
||
| 942 |
_2ddc _k428.24 EME _cTR |
||
| 999 |
_c18300 _d18272 |
||